| 000 | 00370nam a2200169Ia 4500 | ||
|---|---|---|---|
| 100 | _aSubramanian/Chandramouli | ||
| 650 | _aBlock chain | ||
| 942 | _cBK | ||
| 366 | _f20 | ||
| 654 | _ablock chain technology | ||
| 245 | _aBlock chain technology | ||
| 260 |
_bUniversities Press _c2021 |
||
| 082 |
_a5.76 _bSUB |
||
| 300 | _a672 | ||
| 546 | _aENGLISH | ||
| 999 |
_c17903 _d17903 |
||